Three Letter Combinations That Begin The Name Of More Than One CapitalCity - Statistics

General Stats
  • This quiz has been taken 32 times
    22 since last reset
  • The average score is 11 of 17
Answer Stats
Answer % Correct
Bra(Brasilia/Bratislava/Brazzaville)
95%
San(San Jose/San Marino/San Salvador/Sanaa/Santiago/Santo Domingo/)
95%
Ber(been/Berlin))
79%
Par(Paris/Paramaribo)
79%
Abu(Abu Dhabi/Abuja)
68%
Man(Managua/Manila/Manama)
68%
Sai(Saint Johns/St Georges)
68%
Ban(Bandar Seri Begawan/Bangkok/Bangui/Banjul)
63%
Bel(Belgrade/Belmopan)
63%
Bei(Beirut/Beijing)
58%
Kin(Kingston/Kingstown/Kinshasa)
58%
Mon(Monaco/Monrovia/Montevideo)
58%
Por(Port Louis/Port Moresby/Port Vila/Port-au-Prince/Port Of Spain/Porto Novo)
58%
Pra(Prague/Praia)
58%
Vie(Vienna/Vientiane)
42%
Male(Male/Malabo)
37%
Bis(Bishkek/Bissau)
11%
No matching quizzes found
Score Distribution
Percent of People with Each Score
Percentile by Number Answered
Your Score History
You have not taken this quiz since the last reset